000 00630nam a22001937a 4500
005 20240925124322.0
010 _aENG-141336
020 _a9788180643552
_c250.00
035 _aEN-124868
037 _bDBAD
082 _a291
_21
245 _aA Journey of Religious Pluralism:
_bSome reflections/
_cEd. by Sikha Mukherjee
250 _a1
260 _aKolkata
_bProgressive Publishers
_c2023
270 _bKolkata
_a37A, College Street
_e700073
_mprogressivepubl@yahoo.co.in
_k9830305810
_k9038296630
300 _a158p.
_bIndex
_c22cm(pbk)
700 _aMukherjee, Sikha
_970194
942 _2ddc
_cEN
_mJOU
_h291
999 _c205110
_d205110